000 00611nam a2200229Ia 4500
003 OSt
005 20221007070901.0
006 a|||||r|||| 00| 0
007 ta
008 221006b |||||||| |||| 00| 0 eng d
024 _a27,228
037 _cTextual
040 _aFLL
_cFLL
_beng
041 _2eng
_aeng
082 _aZ4653, K8;1
100 _aBaker Henry E.
_9152584
245 0 _aLegal system of Israel
260 _aJerusalem
_bIsrael Universities Press Jerusalem
_c1968
300 _a277p
_ccm.
942 _hZ4653, K8;1
_cTEXL
_2CC
999 _c1141797
_d1141797